000 00489nam a2200157Ia 4500
008 160316s1964 xxu||||| |||| 00| 0 eng d
082 _a344.018000
_bBLA
100 _aBlake Robert R
245 _aManaging intergroup conflict in industry
250 _a
260 _aHoulston
_bGulf Publishing Co
_c1964
300 _a210p
_b20 cm
_cxiii
365 _bRs.20/-
650 _a1.Industrial Conflicts - Intergroup 2.Industrial Disputes - Intergroup
700 _aShepard Herbert A
_aMouton Jane S
999 _c6664
_d6664